000 00896nmm a2200289 a 4500
001 ocm0002146078
003 TR-IsHL
005 20201028181749.0
008 190108s2015 tu tur
007 cr cn
020 _a9786055283582
035 _a2146078
_b(N$T)
050 0 4 _aPL248.K49
_bS28 2015
090 0 4 _aPL248.K49
_bS28 2015
100 1 _aKızıltuğ, Fırat
245 1 0 _aSatrançname
_h[electronic resource] /
_cFırat Kızıltuğ
250 _a2. Baskı
260 _aİstanbul :
_bAkıl Fikir Yayınları,
_c2015
300 _a154 p.
500 _aKaynakça var.
650 4 _aDil ve Edebiyat
650 4 _aLanguage and Literature
650 0 _aTürk hikayeleri
650 0 _aTurkish stories
650 7 _aLITERARY COLLECTIONS / Middle Eastern
_2bisacsh
856 4 0 _uhttp://search.ebscohost.com/login.aspx?direct=true&scope=site&db=e011xww&AN=2146078
999 _c19754
_d19754